{"text_format":"3","workbook":"xlsx","n_sheets":2,"sheets":["Table 2","Table 2 (2)"],"read":"whole","date_system":"1900"}

{"sheet":"Table 2","index":0,"n_rows":29,"n_cols":6,"rows_kept":29,"merged":[[0,0,0,5],[1,0,1,5],[2,0,2,5],[18,0,18,4],[19,0,19,4],[20,0,20,4],[21,0,21,4],[22,0,22,4],[23,0,23,4],[24,0,24,4],[25,0,25,4],[26,0,26,4],[27,0,27,4],[28,0,28,4],[29,0,29,5]]}
["CONSTRUCCIÓN PUENTE PEATONAL QUE COMUNICA A LA PISTA CON EL CASCO URBANO DEL MUNICIPIO DE TARAIRA, DEPARTAMENTO DEL VAUPÉS"]
[]
["PRESUPUESTO DE OBRA"]
["ITEM","ACTIVIDAD","UNIDAD","CANTIDAD","VALOR UNITARIO","VALOR TOTAL"]
[1,"Preliminares",{"$nulls":3},{"v":191740635,"d":"$191,740,635.00"}]
[1.1,"LOCALIZACIÓN Y REPLANTEO MANUAL (INCLUYE CARTERA Y PLANOS)","M2",{"v":189.4,"d":"189.40"},{"v":19544,"d":"$19,544.00"},{"v":3701634,"d":"$3,701,634.00"}]
[1.2,"EXCAVACION MANUAL EN CONGLOMERADO H= 0 - 6.00 M INCLUYE CARGUE","M3",210.94,{"v":422225,"d":"$422,225.00"},{"v":89064142,"d":"$89,064,142.00"}]
[1.3,"RELLENO PARA ESTRUCTURAS CON RECEBO. COMPACTACIÓN MANUAL","M3",{"v":265.8,"d":"265.80"},{"v":307317,"d":"$307,317.00"},{"v":81684859,"d":"$81,684,859.00"}]
[1.4,"TRANSPORTE DE MATERIAL GRANULAR","VJE",{"v":133,"d":"133.00"},{"v":130000,"d":"$130,000.00"},{"v":17290000,"d":"$17,290,000.00"}]
[2,"Construcción Puente Peatonal",{"$nulls":3},{"v":1401750254,"d":"$1,401,750,254.00"}]
[2.1,"CONCRETO PARA SOLADOS PISOS 2500 PSI","M3",3.92,{"v":4539719,"d":"$4,539,719.00"},{"v":17795698,"d":"$17,795,698.00"}]
[2.2,"BOX, ALETAS, MUROS ARMADOS CONCRETO 20.7 MPa (4000 PSI) SUMINISTRO Y CONSTRUCCI","M3",79.42,{"v":6483641,"d":"$6,483,641.00"},{"v":514930768,"d":"$514,930,768.00"}]
[2.3,"ACERO DE REFUERZO CORRUGADO DE 60000 G-60 PSI","KG",{"v":13424.89,"d":"13,424.89"},{"v":29984,"d":"$29,984.00"},{"v":402531902,"d":"$402,531,902.00"}]
[2.4,"ACERO ESTRUCTURAL T ASTM A36 (INCLUYE SUMINISTRO MONTAJE Y PINTURA)","KG",{"v":7616.68,"d":"7,616.68"},{"v":48427,"d":"$48,427.00"},{"v":368852914,"d":"$368,852,914.00"}]
[2.5,"SUMINISTRO E INSTALACIÓN CUBIERTA TEJA MASTERMIL EN LAMINA GALVANIZADA CAL.26\nPREPINTADA AMBAS CARAS PINTURA AL HORNO","M2",342.54,{"v":285044,"d":"$285,044.00"},{"v":97638972,"d":"$97,638,972.00"}]
[3,"Plataforma y Rampa de acceso a puente",{"$nulls":3},{"v":52536863,"d":"$52,536,863.00"}]
[3.1,"BOX, ALETAS, MUROS ARMADOS CONCRETO 20.7 MPa (4000 PSI) SUMINISTRO Y\nCONSTRUCCIÓN","M3",4.45,{"v":6483641,"d":"$6,483,641.00"},{"v":28852202,"d":"$28,852,202.00"}]
[3.2,"ACERO DE REFUERZO CORRUGADO DE 60000 G-60 PSI","KG",789.91,{"v":29984,"d":"$29,984.00"},{"v":23684661,"d":"$23,684,661.00"}]
["COSTO DIRECTO DEL PROYECTO",{"$nulls":4},{"v":1646027752,"d":"$1,646,027,752.00"}]
["ADMINISTRACIÓN (23%)",{"$nulls":4},{"v":378586383,"d":"$378,586,383.00"}]
["IMPREVISTOS (3%)",{"$nulls":4},{"v":49380833,"d":"$49,380,833.00"}]
["UTILIDAD (5%)",{"$nulls":4},{"v":82301388,"d":"$82,301,388.00"}]
["TOTAL DE OBRA + AIU",{"$nulls":4},{"v":2156296356,"d":"$2,156,296,356.00"}]
["TOTAL DE OBRA AJUSTADA AL PESO",{"$nulls":4},{"v":2156296356,"d":"$2,156,296,356.00"}]
["VALOR DE LA INTERVENTORIA (8%)",{"$nulls":4},{"v":172503708,"d":"$172,503,708.00"}]
["ADMINISTRACION INTEGRAL ADI 4%",{"$nulls":4},{"v":86251854,"d":"$86,251,854.00"}]
["PLAN DE MANEJO AMBIENTAL",{"$nulls":4},{"v":36000000,"d":"$36,000,000.00"}]
["PLAN DE MANEJO DE TRANSITO",{"$nulls":4},{"v":13223025,"d":"$13,223,025.00"}]
["VALOR TOTAL PROYECTO AJUSTADO AL PESO",{"$nulls":4},{"v":2464274943,"d":"$2,464,274,943.00"}]

{"sheet":"Table 2 (2)","index":1,"n_rows":27,"n_cols":6,"rows_kept":27,"merged":[[0,0,0,5],[1,0,1,5],[2,0,2,5],[18,0,18,4],[19,0,19,4],[20,0,20,4],[21,0,21,4],[22,0,22,4],[23,0,23,4],[24,0,24,4],[25,0,25,4],[26,0,26,4]]}
["CONSTRUCCIÓN PUENTE PEATONAL QUE COMUNICA A LA PISTA CON EL CASCO URBANO DEL MUNICIPIO DE TARAIRA, DEPARTAMENTO DEL VAUPÉS"]
[]
["PRESUPUESTO DE OBRA"]
["ITEM","ACTIVIDAD","UNIDAD","CANTIDAD","VALOR UNITARIO","VALOR TOTAL"]
[1,"Preliminares",{"$nulls":3},{"v":191740635,"d":"$191,740,635.00"}]
[1.1,"LOCALIZACIÓN Y REPLANTEO MANUAL (INCLUYE CARTERA Y PLANOS)","M2",{"v":189.4,"d":"189.40"},{"v":19544,"d":"$19,544.00"},{"v":3701634,"d":"$3,701,634.00"}]
[1.2,"EXCAVACION MANUAL EN CONGLOMERADO H= 0 - 6.00 M INCLUYE CARGUE","M3",210.94,{"v":422225,"d":"$422,225.00"},{"v":89064142,"d":"$89,064,142.00"}]
[1.3,"RELLENO PARA ESTRUCTURAS CON RECEBO. COMPACTACIÓN MANUAL","M3",{"v":265.8,"d":"265.80"},{"v":307317,"d":"$307,317.00"},{"v":81684859,"d":"$81,684,859.00"}]
[1.4,"TRANSPORTE DE MATERIAL GRANULAR","VJE",{"v":133,"d":"133.00"},{"v":130000,"d":"$130,000.00"},{"v":17290000,"d":"$17,290,000.00"}]
[2,"Construcción Puente Peatonal",{"$nulls":3},{"v":1401750254,"d":"$1,401,750,254.00"}]
[2.1,"CONCRETO PARA SOLADOS PISOS 2500 PSI","M3",3.92,{"v":4539719,"d":"$4,539,719.00"},{"v":17795698,"d":"$17,795,698.00"}]
[2.2,"BOX, ALETAS, MUROS ARMADOS CONCRETO 20.7 MPa (4000 PSI) SUMINISTRO Y CONSTRUCCI","M3",79.42,{"v":6483641,"d":"$6,483,641.00"},{"v":514930768,"d":"$514,930,768.00"}]
[2.3,"ACERO DE REFUERZO CORRUGADO DE 60000 G-60 PSI","KG",{"v":13424.89,"d":"13,424.89"},{"v":29984,"d":"$29,984.00"},{"v":402531902,"d":"$402,531,902.00"}]
[2.4,"ACERO ESTRUCTURAL T ASTM A36 (INCLUYE SUMINISTRO MONTAJE Y PINTURA)","KG",{"v":7616.68,"d":"7,616.68"},{"v":48427,"d":"$48,427.00"},{"v":368852914,"d":"$368,852,914.00"}]
[2.5,"SUMINISTRO E INSTALACIÓN CUBIERTA TEJA MASTERMIL EN LAMINA GALVANIZADA CAL.26\nPREPINTADA AMBAS CARAS PINTURA AL HORNO","M2",342.54,{"v":285044,"d":"$285,044.00"},{"v":97638972,"d":"$97,638,972.00"}]
[3,"Plataforma y Rampa de acceso a puente",{"$nulls":3},{"v":52536863,"d":"$52,536,863.00"}]
[3.1,"BOX, ALETAS, MUROS ARMADOS CONCRETO 20.7 MPa (4000 PSI) SUMINISTRO Y\nCONSTRUCCIÓN","M3",4.45,{"v":6483641,"d":"$6,483,641.00"},{"v":28852202,"d":"$28,852,202.00"}]
[3.2,"ACERO DE REFUERZO CORRUGADO DE 60000 G-60 PSI","KG",789.91,{"v":29984,"d":"$29,984.00"},{"v":23684661,"d":"$23,684,661.00"}]
["COSTO DIRECTO DEL PROYECTO",{"$nulls":4},{"v":1646027752,"d":"$1,646,027,752.00"}]
["ADMINISTRACIÓN (23%)",{"$nulls":4},{"v":378586383,"d":"$378,586,383.00"}]
["IMPREVISTOS (3%)",{"$nulls":4},{"v":49380833,"d":"$49,380,833.00"}]
["UTILIDAD (5%)",{"$nulls":4},{"v":82301388,"d":"$82,301,388.00"}]
["TOTAL DE OBRA + AIU",{"$nulls":4},{"v":2156296356,"d":"$2,156,296,356.00"}]
["TOTAL DE OBRA AJUSTADA AL PESO",{"$nulls":4},{"v":2156296356,"d":"$2,156,296,356.00"}]
["PLAN DE MANEJO AMBIENTAL",{"$nulls":4},{"v":36000000,"d":"$36,000,000.00"}]
["PLAN DE MANEJO DE TRANSITO",{"$nulls":4},{"v":13223025,"d":"$13,223,025.00"}]
["VALOR TOTAL PROYECTO AJUSTADO AL PESO",{"$nulls":4},{"$f":"+F24+F25+F26","v":{"v":2205519381,"d":"$2,205,519,381.00"}}]